| 000 | 00444nam a2200157Ia 4500 | ||
|---|---|---|---|
| 008 | 230312s9999||||xx |||||||||||||| ||und|| | ||
| 020 | _a81-7649-116-0 | ||
| 082 |
_a657.3 _bKIR |
||
| 100 | _aKirk, R. | ||
| 245 | 0 | _aStage Three Financial Reporting Guidance and Revision | |
| 260 |
_bViva Books _aNew Delhi _c1994 |
||
| 300 | _a291 | ||
| 546 | _aEng. | ||
| 650 |
_aAccounting _vSyllabus , Key topics , Recommended reading list |
||
| 942 | _cBK | ||
| 999 |
_c1126 _d1126 |
||